| 000 | 00561nam a22001937a 4500 | ||
|---|---|---|---|
| 003 | OSt | ||
| 008 | 260429b |||||||| |||| 00| 0 eng d | ||
| 082 |
_a634.1 _bT30E |
||
| 100 | _aThakur, Surendra. | ||
| 245 |
_aEffect of Different Growth Regulators on Bearing of Litchi (Litchi chinensis Sonn.) / _cby Surendra Thakur |
||
| 260 |
_a.- Sabour, Bhagalpur _b: Bihar Agricultural College, RAU _c, 1987 |
||
| 300 | _a116p. | ||
| 502 |
_bPh. D. _d1987 |
||
| 650 | _aHorticulture | ||
| 650 | _aLitchi | ||
| 650 | _aThesis | ||
| 650 | _aPh. D. | ||
| 942 |
_2ddc _cT |
||
| 999 |
_c50310 _d50310 |
||